000 00495nam a2200181Ia 4500
008 090123s9999 xx 000 0 und d
082 _b4229
_a891.463/पेठे
100 _aपेठे सदानंद
245 _aबीज
250 _a1
260 _bसुरस ग्रंथमाला
_c1976
300 _a480
600 _aपेठे सदानंद
630 _aबीज
700 _aपेठे सदानंद
730 _aबीज
942 _cBOOK
999 _c42305
_d42305